Hambre de cine.

Պահպանված է:
Մատենագիտական մանրամասներ
Համատեղ հեղինակ: Instituto de Arte. Pontificia Universidad Católica de Valparaíso (autor)
Ձևաչափ: Գիրք
Հրապարակվել է: Santiago, Chile: Pontificia Universidad Católica de Valparaíso, Instituto de Arte, 2014.
Խորագրեր:
Ցուցիչներ: Ավելացրեք ցուցիչ
Չկան պիտակներ, Եղեք առաջինը, ով նշում է այս գրառումը!

MARC

LEADER 00000cam a2200000 a 4500
001 UCE1590
003 CL-VaPUC
005 20230412110056.0
008 230124t2014 ||||| |||| 00| 0 eng d
999 |c 355334  |d 355332 
022 |a 0719-322X 
040 |c Pontificia Universidad Católica de Valparaíso 
082 0 4 |a 791.4 INS 2014  |2 21 
110 2 |a Instituto de Arte. Pontificia Universidad Católica de Valparaíso  |e autor  |9 573928 
245 1 0 |a Hambre de cine. 
260 |a Santiago, Chile:  |b Pontificia Universidad Católica de Valparaíso, Instituto de Arte,   |c 2014. 
300 |a 223 páginas. 
500 |a c.2 Donación Rectoria Diciembre 2022. c.3 Donación Amalia Cross G. Memo ART 02/2023 Seminario. Número 2. 
583 |a last modification  |c 20181004 05:15:33  |k Rodrigo Vera 
650 0 |a Cinematografía  |9 265198 
650 0 |a Crítica e interpretación   |9 255042 
942 |c BK  |2 ddc 
945 |d 20140502 10:02:00  |a dcastane 
952 |0 0  |1 0  |3 erb  |4 0  |6 791_400000000000000_INS_2014  |7 0  |8 A  |9 462013  |a BIBARQ  |b BIBARQ  |i 5090350  |o 791.4 INS 2014  |p 5090350  |r 2025-01-20  |w 2019-11-23  |y BK  |z Catalogado en:20141204  |k ARQ 
952 |0 0  |1 0  |2 ddc  |4 0  |6 791_400000000000000_INS_2014  |7 0  |8 A  |9 588712  |a BIBART  |b BIBART  |c GEN  |d 2023-01-24  |e Donación  |i 5656482  |o 791.4 INS 2014  |p 5656482  |r 2025-03-13  |t 2  |w 2023-01-24  |y BK  |k ART 
952 |0 0  |1 0  |2 ddc  |4 0  |6 791_400000000000000_INS_2014  |7 0  |8 A  |9 589607  |a BIBART  |b BIBART  |d 2023-04-12  |e Donación  |i 5657115  |o 791.4 INS 2014  |p 5657115  |r 2025-03-13  |t 3  |w 2023-04-12  |y BK  |k ART